00485ntaaa2200157 45000030003000000050017000030080021000200400037000410820018000781000036000962450106001322500010002382600034002483000010002825000035002920120251027202529.00714s1973 ag 01  aAR-BaBNbspacAR-BaBNeaacrdRIC a286.1820 Se5p aSeminario Teológico Bautista  aPrograma de inauguración de los nuevos cursos de estudios, la nueva fadcultad, los nuevos edificios a1 ed. aBuenos Aires : bs.e., c1953 a12 p. afalta según inventario- 1989